000 01153cam a22002891i 4500
003 SA-RiAUC
005 20251031132616.0
008 251028s1995 ua g b 00000 ara c
040 _aSA-JeALM
_bara
_cSA-RiAUC
_erda
043 _ama-----
082 0 4 _a810.99531
_qSA-RiAUC
090 _a810.99531
_bر ا غ
100 1 _aراغب، نبيل،
_d1940-2017
_eمؤلف.
245 1 0 _aأصول التنوير الفكري :
_bدراسة في منهج عبد الله عبد الجبار /
_cتأليف نبيل راغب.
246 3 0 _aعبد الله عبد الجبار
250 _aالطبعة الأولى.
264 1 _aالقاهرة :
_bدار الانتصار،
_c1995
264 3 _a[مكان الطبع غير محدد] :
_bمطابع الأهرام التجارية
300 _a111 صفحة ؛
_c19 سم
336 _aنص
_btxt
_2rdacontent
_3كتاب
337 _aبدون وسيط
_bn
_2rdamedia
338 _aمجلد
_bnc
_2rdacarrier
504 _aببليوجرافية : صفحة 109.
650 7 _aالأدب العربي
_xتاريخ ونقد
_2aucsh
942 _2ddc
_cBOOK
_n0
949 _aSA-JeALM
_d251028
_umohamedma123
_n1
999 _c12880
_d12880